00993 2200205 4500001002100000005001500021035002000036008004100056245002700097100001200124250000600136260003800142300001200180084001400192082000800206650001000214520053900224990001200763990001200775INLIS00000000000094920240531090738 a0010-0524000184240531 1 ind 1 aCloud ( Y ) /cAchi TM aAchi TM a1 aYogyakarta :bSheila/ Andi,c2012 a416 hlm a813 ACH c a813 4aFiksi aTokoh Mendung yang Introvet tapi pekerja keras, seolah mewakili semangat perempuan metropolitan di cerita ini. Jatuh bagun dalam karir dan cinta, dia jalani dengan kepala tegak. Dan di novel ini aku menemukan pesan yang dalem, bahwa kehilangan memang selalu berkawan dengan kehidupan, tapi kehilangan selalu datang berhubungan dengan sesuatu yang baru. Kiasan mendung tak berarti hujan, terangkai manis di novel ini, yakni ketika Awan menetralisir Mendung hingga jadi lebih cerah, tanpa adanya hujan tangis, dan menghadirkan senyuman. a0741652 a0741653